Wood Microbiology : Decay and Its Prevention/by Robert A. Zabel, Jeffrey J. Morrell (Record no. 52320)

MARC details
000 -LEADER
fixed length control field 00547nam a22001697a 4500
003 - CONTROL NUMBER IDENTIFIER
control field OSt
008 - FIXED-LENGTH DATA ELEMENTS--GENERAL INFORMATION
fixed length control field 260625b |||||||| |||| 00| 0 eng d
020 ## - INTERNATIONAL STANDARD BOOK NUMBER
International Standard Book Number 9780128194652
082 ## - DEWEY DECIMAL CLASSIFICATION NUMBER
Classification number 674.38
Item number Z12W
100 ## - MAIN ENTRY--PERSONAL NAME
Personal name Zabel, Robert A.
245 ## - TITLE STATEMENT
Title Wood Microbiology : Decay and Its Prevention/by Robert A. Zabel, Jeffrey J. Morrell
260 ## - PUBLICATION, DISTRIBUTION, ETC. (IMPRINT)
Place of publication, distribution, etc London :
Name of publisher, distributor, etc Academic Press,
Date of publication, distribution, etc 2020.
300 ## - PHYSICAL DESCRIPTION
Extent xix, 556 p.
650 ## - SUBJECT ADDED ENTRY--TOPICAL TERM
Topical term or geographic name as entry element Wood preservation | technological protection | environmental degradation
700 ## - ADDED ENTRY--PERSONAL NAME
Personal name Morrell, Jeffrey J.
942 ## - ADDED ENTRY ELEMENTS (KOHA)
Source of classification or shelving scheme
Koha item type Books
Holdings
Withdrawn status Lost status Source of classification or shelving scheme Damaged status Not for loan Home library Current library Shelving location Date acquired Source of acquisition Cost, normal purchase price Total Checkouts Full call number Barcode Date last seen Bill Date Koha item type Bill Number
          Dr. Rajendra Prasad Central Agricultural University Pusa, Dr. Rajendra Prasad Central Agricultural University Pusa, General Stacks 25/06/2026 Today & Tomorrow Printers and Publishers 13864.00   674.38 Z12W 87558 25/06/2026 29/01/2026 Books Bill No. IN-00449
Hosted, Implemented, Customized & Maintained by: BestBookBuddies

Powered by Koha